National water policy (Record no. 489263)

000 -LEADER
fixed length control field 00339cam a22001097a 4500
008 - FIXED-LENGTH DATA ELEMENTS--GENERAL INFORMATION
fixed length control field 180718b-- xxu||||| |||| 00| 0 eng d
082 ## - DEWEY DECIMAL CLASSIFICATION NUMBER
Classification number V43000x54 P
245 ## - TITLE STATEMENT
Title National water policy
Statement of responsibility, etc. by Ministry of Water Resources, India.
260 ## - PUBLICATION, DISTRIBUTION, ETC.
Place of publication, distribution, etc. New Delhi
Name of publisher, distributor, etc. The author
Date of publication, distribution, etc. --
500 ## - GENERAL NOTE
General note Library has 2002
700 ## - ADDED ENTRY--PERSONAL NAME
Personal name India. Ministry of Water Resources
Holdings
Withdrawn status Lost status Damaged status Not for loan Permanent Location Current Location Date acquired Full call number Barcode Date last seen Price effective from Koha item type
        Indian Institute of Public Administration Indian Institute of Public Administration 2018-08-04 V43000x54 P GG27956 2018-08-04 2018-08-04 GG
        Indian Institute of Public Administration Indian Institute of Public Administration 2018-08-04 V43000x54 P GG27955 2018-08-04 2018-08-04 GG

Powered by Koha